| 000 | 00392nam a2200121Ia 4500 | ||
|---|---|---|---|
| 008 | 151021s9999 xx 000 0 und d | ||
| 050 | _aHC 865.K47 2013 | ||
| 245 | _a_Kisumu County Development Profile ministry of devolution and planning | ||
| 260 | _aNairobi Government Printers 2013 | ||
| 300 | _axv,146p. | ||
| 650 | _a_County mission and vision | ||
| 980 | _a^d20140318 04:05:06^okorir | ||
| 999 |
_c14809 _d14809 |
||